| 000 | 00590nam a2200193 a 4500 | ||
|---|---|---|---|
| 005 | 20240228064318.0 | ||
| 008 | 171017s2008 mx r 000 0 spa d | ||
| 035 | _aUPN01000221071 | ||
| 049 | _aI | ||
| 050 | 4 |
_aPZ78 _bG8.5 |
|
| 100 | 1 |
_aGuerrero, Martha Ylenia, _d1974- _932849 |
|
| 245 | 1 | 4 |
_aLos guagua / _cMartha Ylenia Guerrero ; il. Margarita Sada. |
| 260 |
_aMéxico : _bVanguardia Educativa, _c2008. |
||
| 300 |
_a[19] p. : _bil. col. |
||
| 650 | 4 |
_aLibros y lectura para niños _92290 |
|
| 650 | 4 |
_aPerros _vLiteratura infantil _98585 |
|
| 905 | _aInfantil | ||
| 999 |
_c193170 _d193170 |
||